[Event "AICF World Cup Qualifier"]
[Site "Tornelo INT"]
[Date "2021.05.27"]
[EventDate "?"]
[Round "6.1"]
[Result "0-1"]
[White "Krishnan P Saravana"]
[Black "D Gukesh"]
[WhiteElo "2312"]
[BlackElo "2578"]
[PlyCount "84"]

1. e4 c5 2. Nf3 Nc6 3. Bb5 Nf6 4. Qe2 e5 5. O-O Bd6 6. c3 O-O 7. d3 a6 8. Ba4 h6 9. a3 b5 10. Bb3 Re8 11. Nbd2 Bf8 12. Re1 d5 13. Nf1 Be6 14. Bc2 dxe4 15. dxe4 Qc7 16. Nh4 g6 17. h3 Rad8 18. Ne3 Bg7 19. Bb1 Na5 20. Bc2 Nb3 21. Rb1 c4 22. Qf3 Nc5 23. Nf1 Qe7 24. Be3 Nd3 25. Red1 Nh7 26. Qg3 Nf4 27. Rxd8 Qxd8 28. Bd1 Nf6 29. Bxf4 exf4 30. Qf3 Nh7 31. g3 Ng5 32. Qe2 Nxh3+ 33. Kh2 fxg3+ 34. fxg3 Nf4 35. Qf3 Nd3 36. Ne3 Qg5 37. Be2 Ne5 38. Qf2 Rd8 39. Rd1 Rxd1 40. Bxd1 Nd3 41. Qd2 Be5 42. Nf1 Qxh4+ 0-1

[Event "AICF World Cup Qualifier"]
[Site "Tornelo INT"]
[Date "2021.05.28"]
[EventDate "?"]
[Round "9.6"]
[Result "1-0"]
[White "D Gukesh"]
[Black "B Adhiban"]
[WhiteElo "2578"]
[BlackElo "2660"]
[PlyCount "78"]

1. d4 Nf6 2. Nf3 g6 3. g3 Bg7 4. Bg2 O-O 5. O-O d6 6. c4 Bf5 7. Nc3 Ne4 8. Nxe4 Bxe4 9. Bg5 d5 10. cxd5 Bxd5 11. Qc2 h6 12. Bf4 c6 13. e4 Be6 14. h3 Na6 15. Rfd1 Qc8 16. Kh2 g5 17. Be3 f5 18. exf5 Bxf5 19. Qb3+ Be6 20. d5 Bxd5 21. Rxd5 cxd5 22. Qxd5+ e6 23. Qb3 Qd7 24. Rd1 Qe7 25. h4 g4 26. Nd4 Nc5 27. Qc4 Kh8 28. Nc6 bxc6 29. Bxc5 Qf7 30. Bxf8 Rxf8 31. Rd2 h5 32. Qxc6 Be5 33. Qc5 Qf6 34. Re2 Bd4 35. Qxh5+ Kg7 36. Qxg4+ Kh8 37. Rxe6 Qg7 38. Qh5+ Kg8 39. Rg6 1-0

[Event "AICF World Cup Qualifier"]
[Site "Tornelo INT"]
[Date "2021.05.28"]
[EventDate "?"]
[Round "11.5"]
[Result "1-0"]
[White "D Gukesh"]
[Black "Rahul Srivatshav P"]
[WhiteElo "2578"]
[BlackElo "2463"]
[PlyCount "74"]

1. d4 d5 2. Nf3 Nf6 3. Bf4 c5 4. e3 Nc6 5. Nbd2 cxd4 6. exd4 Bg4 7. c3 e6 8. Qb3 Qc8 9. Ne5 Be7 10. Bb5 O-O 11. Bxc6 bxc6 12. Qa4 c5 13. dxc5 Bxc5 14. Bg5 Bf5 15. Bxf6 gxf6 16. Nd7 Rd8 17. Nxf6+ Kh8 18. O-O Rb8 19. Nb3 Rd6 20. Nxc5 Qxc5 21. Nd7 Rxd7 22. Qxd7 Kg7 23. b3 a5 24. Rac1 Bd3 25. b4 axb4 26. cxb4 Qxb4 27. Rfd1 Bc4 28. Qc7 h6 29. h3 Qb2 30. a4 Rb3 31. a5 Ra3 32. Qb6 Qe5 33. Qb4 Rb3 34. Qd2 Ra3 35. Re1 Qf6 36. Rc2 Qd8 37. Rxc4 1-0

[Event "AICF World Cup Qualifier"]
[Site "Tornelo INT"]
[Date "2021.05.28"]
[EventDate "?"]
[Round "8.2"]
[Result "1/2-1/2"]
[White "SP Sethuraman"]
[Black "D Gukesh"]
[WhiteElo "2644"]
[BlackElo "2578"]
[PlyCount "128"]

1. e4 c6 2. d4 d5 3. e5 Bf5 4. Nf3 e6 5. Be2 c5 6. Be3 cxd4 7. Nxd4 Ne7 8. O-O Nbc6 9. Bb5 a6 10. Bxc6+ bxc6 11. b4 Bg6 12. Nd2 Nf5 13. Nxf5 Bxf5 14. c3 Qc7 15. Qf3 Be7 16. Qg3 O-O 17. Nb3 a5 18. a3 a4 19. Nc5 f6 20. Bd4 Rf7 21. Rfe1 fxe5 22. Bxe5 Qd8 23. Qe3 Bh4 24. Re2 Bg5 25. Qd4 h5 26. Rae1 Bh6 27. h4 g5 28. hxg5 Qxg5 29. Re3 h4 30. Rf3 Qh5 31. Nd3 Kh7 32. Nf4 Qg4 33. Nh3 Qh5 34. Nf4 Qg4 35. Nxe6 Qh5 36. Nf4 Qg4 37. Nh3 Qh5 38. Bf4 Be4 39. Bxh6 Bxf3 40. Ng5+ Kxh6 41. Re6+ Kxg5 42. Qe5+ Kg4 43. gxf3+ Rxf3 44. Qg7+ Qg5 45. Rg6 Rf5 46. Rxg5+ Rxg5 47. Qd7+ Kf3+ 48. Kf1 Rag8 49. Qh3+ Ke4 50. Qxh4+ Kd3 51. Qd4+ Kc2 52. Qc5 Rg1+ 53. Ke2 Re8+ 54. Kf3 Rg6 55. b5 Rf6+ 56. Kg2 cxb5 57. Qxb5 Rg8+ 58. Kf1 Rgf8 59. Qxa4+ Kxc3 60. Qb4+ Kd3 61. Qb3+ Kd4 62. Qb4+ Kd3 63. Qb3+ Kd4 64. Qb4+ Kd3 1/2-1/2

[Event "AICF World Cup Qualifier"]
[Site "Tornelo INT"]
[Date "2021.05.28"]
[EventDate "?"]
[Round "10.3"]
[Result "0-1"]
[White "Vinay Kumar Matta"]
[Black "D Gukesh"]
[WhiteElo "2305"]
[BlackElo "2578"]
[PlyCount "56"]

1. e4 c6 2. d4 d5 3. Nc3 dxe4 4. Nxe4 Nf6 5. Nxf6+ exf6 6. c3 Bd6 7. Bd3 O-O 8. Ne2 Re8 9. O-O Nd7 10. Bf4 Nf8 11. Bxd6 Qxd6 12. Ng3 Ng6 13. Qf3 Be6 14. Rfe1 Rad8 15. Re3 Nf4 16. Ne4 Qb8 17. Bc2 f5 18. Ng3 Bd5 19. Qd1 Nxg2 20. Nxf5 Nxe3 21. fxe3 Be6 22. Ng3 g6 23. Qf3 f5 24. e4 fxe4 25. Nxe4 Rf8 26. Nf6+ Kg7 27. Rf1 Rd5 28. Kh1 Qd8 0-1

[Event "AICF World Cup Qualifier"]
[Site "Tornelo INT"]
[Date "2021.05.29"]
[EventDate "?"]
[Round "13.4"]
[Result "1/2-1/2"]
[White "D Gukesh"]
[Black "Aditya Mittal"]
[WhiteElo "2578"]
[BlackElo "2438"]
[PlyCount "92"]

1. e4 c5 2. Nc3 d6 3. d4 cxd4 4. Qxd4 Nc6 5. Qd2 g6 6. b3 Bg7 7. Bb2 Nf6 8. O-O-O O-O 9. f3 Qa5 10. Kb1 a6 11. g4 e5 12. h4 Be6 13. h5 Rfd8 14. hxg6 hxg6 15. g5 Nh5 16. Nge2 Nd4 17. Nxd4 exd4 18. Ne2 Qxd2 19. Rxd2 d5 20. e5 Bxe5 21. Rh4 Ng3 22. Nxg3 Bxg3 23. Rhxd4 Be5 24. Rb4 Bxb2 25. Kxb2 Rd7 26. f4 Kg7 27. Rbd4 Rh8 28. a4 f6 29. gxf6+ Kxf6 30. a5 Rh1 31. Bg2 Rh2 32. Ka3 Rc7 33. Kb4 Ke7 34. Re2 Kf6 35. Rxe6+ Kxe6 36. Bxd5+ Kf5 37. c4 Rf2 38. Be4+ Kf6 39. Rd6+ Ke7 40. Rxg6 Rxf4 41. Bd5 Rf6 42. Rg7+ Kd6 43. Rg8 Ke7 44. Rg7+ Kd6 45. Rg5 Ke7 46. Rg7+ 1/2-1/2

[Event "AICF World Cup Qualifier"]
[Site "Tornelo INT"]
[Date "2021.05.29"]
[EventDate "?"]
[Round "12.4"]
[Result "0-1"]
[White "S Nitin"]
[Black "D Gukesh"]
[WhiteElo "2381"]
[BlackElo "2578"]
[PlyCount "74"]

1. e4 c6 2. Nc3 d5 3. Nf3 dxe4 4. Nxe4 Nf6 5. Qe2 Nxe4 6. Qxe4 Nd7 7. Bc4 Nf6 8. Ne5 e6 9. Qe2 b5 10. Bd3 Bb7 11. b3 Be7 12. Bb2 O-O 13. O-O Nd5 14. f4 f5 15. Kh1 Bf6 16. Rae1 Qd6 17. c4 Nc7 18. Bb1 Rad8 19. d4 bxc4 20. Nxc4 Qd7 21. Ba3 Be7 22. Ne5 Qe8 23. Bc5 Rd5 24. Bd3 Bxc5 25. dxc5 Qe7 26. Bc4 Rd4 27. Nf3 Re4 28. Qf2 Nd5 29. Bxd5 exd5 30. Ne5 Qe6 31. h3 Ba6 32. Rxe4 fxe4 33. Ng4 Bxf1 34. Qxf1 d4 35. Qe1 Rxf4 36. Qg3 Rf8 37. Qc7 e3 0-1

[Event "AICF World Cup Qualifier"]
[Site "Tornelo INT"]
[Date "2021.05.29"]
[EventDate "?"]
[Round "14.5"]
[Result "1-0"]
[White "P Iniyan"]
[Black "D Gukesh"]
[WhiteElo "2506"]
[BlackElo "2578"]
[PlyCount "108"]

1. d4 d5 2. c4 e6 3. Nc3 Bb4 4. Nf3 Nf6 5. Qb3 c5 6. dxc5 Nc6 7. Bg5 Qa5 8. Bxf6 dxc4 9. Qxc4 gxf6 10. Nd2 Qxc5 11. Qxc5 Bxc5 12. g3 Ke7 13. Bg2 Bd7 14. e3 Ne5 15. Ke2 Bb4 16. Rhc1 Rhd8 17. a4 Rac8 18. f4 Bxc3 19. Rxc3 Rxc3 20. bxc3 Bc6 21. Bxc6 Nxc6 22. Rb1 b6 23. Rb5 f5 24. e4 fxe4 25. Rh5 f5 26. Rxh7+ Kd6 27. g4 fxg4 28. Nxe4+ Kd5 29. Nf6+ Kc5 30. Nxg4 b5 31. Rh5+ e5 32. axb5 Kxb5 33. Nxe5 Nxe5 34. Rxe5+ Kc4 35. Ra5 Rd7 36. Ra3 Kb5 37. Kf3 a5 38. f5 Rd1 39. Kg4 Rg1+ 40. Kh5 Rf1 41. Kg6 Rg1+ 42. Kf7 Rg2 43. h3 Rf2 44. f6 a4 45. Ke7 Re2+ 46. Kf8 Rf2 47. f7 Rf1 48. Ra2 Rf3 49. Re2 Rxh3 50. Ke8 Rxc3 51. Re5+ Kb6 52. f8=Q Rc8+ 53. Kf7 Rxf8+ 54. Kxf8 1-0

[Event "AICF World Cup Qualifier"]
[Site "Tornelo INT"]
[Date "2021.05.30"]
[EventDate "?"]
[Round "15.3"]
[Result "1/2-1/2"]
[White "D Gukesh"]
[Black "NarayananSL"]
[WhiteElo "2578"]
[BlackElo "2624"]
[PlyCount "120"]

1. d4 Nf6 2. Nf3 d5 3. c4 e6 4. Nc3 h6 5. g3 Bd6 6. Bg2 O-O 7. O-O Nc6 8. b3 Re8 9. Bb2 dxc4 10. bxc4 e5 11. d5 Na5 12. Nd2 b6 13. Nb5 Bd7 14. Qc2 a6 15. Nxd6 cxd6 16. Ba3 Qc7 17. Rab1 Rab8 18. Qb2 Bg4 19. f3 Bh5 20. Rfc1 Nd7 21. e4 Nb7 22. Qc3 Nbc5 23. Nf1 Qa7 24. Ne3 Bg6 25. h4 Rec8 26. Kh2 Rc7 27. Bh3 Na4 28. Qd2 Ndc5 29. g4 b5 30. h5 Bh7 31. Bf1 Rcb7 32. cxb5 axb5 33. Bb4 Rb6 34. a3 Qe7 35. Qf2 Qf6 36. Kg1 Qg5 37. Bd2 Qf6 38. Rb4 Na6 39. Rxb5 Rxb5 40. Bxb5 N6c5 41. Bxa4 Nxa4 42. Bb4 g6 43. hxg6 Bxg6 44. Rc6 h5 45. gxh5 Bxh5 46. Rxd6 Qf4 47. Nf5 Bxf3 48. Qg3+ Qxg3+ 49. Nxg3 Nb2 50. Kf2 Bg4 51. Kg2 Nd3 52. Bc3 Rb3 53. Rc6 Rxa3 54. d6 Ra2+ 55. Kg1 Bh3 56. Nf5 Rg2+ 57. Kf1 Rc2+ 58. Kg1 Rg2+ 59. Kf1 Rc2+ 60. Kg1 Rg2+ 1/2-1/2

[Event "AICF World Cup Qualifier"]
[Site "Tornelo INT"]
[Date "2021.05.30"]
[EventDate "?"]
[Round "17.2"]
[Result "1-0"]
[White "D Gukesh"]
[Black "Vishnu Prasanna V"]
[WhiteElo "2578"]
[BlackElo "2476"]
[PlyCount "74"]

1. b4 e5 2. Bb2 Bxb4 3. Bxe5 Nf6 4. c3 Be7 5. g3 d5 6. Bxf6 Bxf6 7. e3 Nd7 8. d4 Nb6 9. Bg2 O-O 10. Ne2 c6 11. Nd2 Be7 12. O-O Bd6 13. a4 a5 14. Qc2 h5 15. Rfb1 h4 16. e4 dxe4 17. Nxe4 Bc7 18. Nc5 Re8 19. Ra2 Qf6 20. Be4 Bg4 21. Qd3 Re7 22. Rab2 Nd5 23. f3 Bh3 24. Rxb7 Qg5 25. Kf2 Rae8 26. Na6 Bf5 27. Nc5 Bc8 28. R7b2 f5 29. Bxd5+ cxd5 30. Rg1 hxg3+ 31. hxg3 f4 32. gxf4 Qh4+ 33. Rg3 Rxe2+ 34. Rxe2 Rxe2+ 35. Qxe2 Bxf4 36. Qe8+ Kh7 37. Qg6+ 1-0

[Event "AICF World Cup Qualifier"]
[Site "Tornelo INT"]
[Date "2021.05.30"]
[EventDate "?"]
[Round "16.6"]
[Result "0-1"]
[White "Swaminathan Soumya"]
[Black "D Gukesh"]
[WhiteElo "2351"]
[BlackElo "2578"]
[PlyCount "94"]

1. Nf3 Nf6 2. c4 e6 3. d4 d5 4. g3 dxc4 5. Bg2 a6 6. O-O Nc6 7. e3 Rb8 8. Qe2 b5 9. b3 cxb3 10. axb3 Bb7 11. Bb2 Be7 12. Rc1 O-O 13. Ne1 Nb4 14. e4 Qd7 15. Nd2 Rfc8 16. Bh3 Qd8 17. d5 exd5 18. Bxc8 Rxc8 19. e5 Ne4 20. Nxe4 dxe4 21. Rd1 Qe8 22. Qg4 Bf8 23. Rac1 Bd5 24. Rd2 c5 25. Bc3 Nd3 26. Nxd3 exd3 27. Rxd3 Bxb3 28. f4 Bc4 29. Rdd1 b4 30. Be1 Bb3 31. Rd3 Ba2 32. h4 c4 33. h5 Bc5+ 34. Bf2 cxd3 35. Rxc5 Rxc5 36. Bxc5 b3 37. h6 g6 38. Ba3 d2 39. Qd1 Qd8 40. Bb2 Bb1 41. e6 fxe6 42. Kh2 Bc2 43. Qe2 Qd5 44. Qxa6 Qh5+ 45. Kg2 Be4+ 46. Kf2 Qf3+ 47. Kg1 Qg2# 0-1

[Event "Goldmoney Asian Rapid"]
[Site "chess24.com INT"]
[Date "2021.06.26"]
[EventDate "2021.06.26"]
[Round "2.7"]
[Result "1-0"]
[White "Vladislav Artemiev"]
[Black "D Gukesh"]
[WhiteElo "2704"]
[BlackElo "2578"]
[PlyCount "72"]

1. e4 e5 2. Nf3 Nc6 3. Nc3 Nf6 4. Bb5 Bb4 5. O-O O-O 6. d3 Bxc3 7. bxc3 d6 8.
Bg5 h6 9. Bh4 Qe7 10. Re1 Bg4 11. h3 Bh5 12. g4 Bg6 13. Nd2 Nd8 14. Qf3 Ne6 15.
Bxf6 gxf6 16. Nf1 c6 17. Bc4 b5 18. Bb3 Nf4 19. Ne3 Kg7 20. Kh2 Rh8 21. Rg1 Kf8
22. Ng2 Nxg2 23. Rxg2 h5 24. Rag1 hxg4 25. Rxg4 Rh6 26. a4 a6 27. Ra1 bxa4 28.
Bxa4 Kg7 29. Bxc6 Rah8 30. Rg3 Qc7 31. Rxa6 Rh4 32. Bd5 Rf4 33. Qe3 Qxc3 34. Ra7
Kf8 35. Rxg6 fxg6 36. Ra8+ 1-0

[Event "Goldmoney Asian Rapid"]
[Site "chess24.com INT"]
[Date "2021.06.26"]
[EventDate "2021.06.26"]
[Round "3.2"]
[Result "1/2-1/2"]
[White "D Gukesh"]
[Black "Baskaran Adhiban"]
[WhiteElo "2578"]
[BlackElo "2660"]
[PlyCount "62"]

1. d4 Nf6 2. c4 g6 3. Nc3 Bg7 4. e4 d6 5. g3 c5 6. d5 O-O 7. Bg2 e6 8. Nge2 exd5
9. cxd5 Re8 10. O-O b5 11. e5 Rxe5 12. Bf4 Re8 13. Nxb5 Ba6 14. Nec3 Nh5 15.
Bxd6 Bxc3 16. Bc7 Qd7 17. Nxc3 Bxf1 18. Qxf1 Qxc7 19. d6 Qxd6 20. Bxa8 Nc6 21.
Nb5 Qf6 22. Bxc6 Qxc6 23. Nxa7 Qf6 24. Qb5 Rd8 25. a4 Qf3 26. Re1 Nf4 27. gxf4
Qg4+ 28. Kf1 Qh3+ 29. Kg1 Qg4+ 30. Kf1 Qh3+ 31. Kg1 Qg4+ 1/2-1/2

[Event "Goldmoney Asian Rapid"]
[Site "chess24.com INT"]
[Date "2021.06.26"]
[EventDate "2021.06.26"]
[Round "4.8"]
[Result "1/2-1/2"]
[White "Ding Liren"]
[Black "D Gukesh"]
[WhiteElo "2799"]
[BlackElo "2578"]
[PlyCount "114"]

1. c4 e6 2. Nc3 d5 3. d4 Be7 4. cxd5 exd5 5. Bf4 c6 6. e3 Bf5 7. g4 Be6 8. h3
Nd7 9. Nf3 Ngf6 10. Bd3 c5 11. dxc5 Nxc5 12. Bb5+ Bd7 13. O-O O-O 14. Rc1 Rc8
15. Qe2 Nce4 16. Nxe4 dxe4 17. Nd4 Nd5 18. Be5 Bf6 19. Bxf6 Nxf6 20. Rfd1 Rxc1
21. Rxc1 h6 22. Bxd7 Qxd7 23. Qb5 Qxb5 24. Nxb5 a6 25. Nd6 Rd8 26. Nxb7 Rb8 27.
Rc7 Nd5 28. Rd7 Nb4 29. a3 Nd3 30. b4 Ne5 31. Rd8+ Rxd8 32. Nxd8 Nc4 33. a4 Nb6
34. b5 a5 35. Nb7 Nxa4 36. Nxa5 Kf8 37. Nc4 Ke7 38. h4 Ke6 39. b6 Nc5 40. Na5
Kd5 41. Kg2 Nd7 42. b7 Kc5 43. Kg3 Kb6 44. Nc4+ Kxb7 45. Kf4 Nc5 46. Nd6+ Kc6
47. Nxf7 Kd5 48. Kf5 Nd3 49. Nxh6 gxh6 50. g5 hxg5 51. hxg5 Kd6 52. Kf6 Ne5 53.
g6 Nd7+ 54. Kf7 Ne5+ 55. Kf6 Nd7+ 56. Kf7 Ne5+ 57. Kf6 1/2-1/2

[Event "Goldmoney Asian Rapid"]
[Site "chess24.com INT"]
[Date "2021.06.26"]
[EventDate "2021.06.26"]
[Round "5.1"]
[Result "0-1"]
[White "D Gukesh"]
[Black "Levon Aronian"]
[WhiteElo "2578"]
[BlackElo "2781"]
[PlyCount "138"]

1. d4 Nf6 2. c4 e6 3. Nf3 d5 4. Nc3 Bb4 5. Qa4+ Nc6 6. a3 Bxc3+ 7. bxc3 Ne4 8.
Bf4 Nxc3 9. Qc2 Ne4 10. h4 Nd6 11. c5 Nc4 12. e3 b5 13. a4 b4 14. Bxc4 dxc4 15.
Qxc4 a5 16. O-O-O Ba6 17. Qb3 O-O 18. h5 h6 19. e4 Qe7 20. Qe3 f6 21. d5 e5 22.
Bg3 Nd8 23. Kb2 Nb7 24. Rc1 Qe8 25. Qb3 Kh7 26. Nd2 c6 27. f3 Rc8 28. Bf2 Rf7
29. g4 Rd7 30. Rhd1 Be2 31. Re1 Ba6 32. d6 Nd8 33. Qc2 Ne6 34. Nb3 Nf4 35. Rcd1
Qg8 36. Be3 Ne6 37. Rd2 Ra8 38. Rf2 Kh8 39. Rd2 Ng5 40. Rf2 Bc4 41. Nd2 Be6 42.
Rh1 b3 43. Qc3 Rb7 44. f4 exf4 45. Bxf4 Rb4 46. Bxg5 fxg5 47. Ra1 Bxg4 48. e5
Be6 49. Qd3 Qh7 50. Qg6 Qxg6 51. hxg6 Kg8 52. Rf3 g4 53. Rg3 Rf8 54. Rg2 h5 55.
Rh1 Rf5 56. Ka3 b2 57. Rb1 Rxe5 58. Rg3 h4 59. Rd3 Bd7 60. Nb3 Ree4 61. Kxb2 h3
62. Rf1 h2 63. Rg3 Be6 64. Rd3 Re2+ 65. Kc1 Rxb3 66. Rxb3 Bxb3 67. d7 Rc2+ 68.
Kb1 Rd2 69. Re1 Be6 0-1

[Event "Goldmoney Asian Rapid"]
[Site "chess24.com INT"]
[Date "2021.06.27"]
[EventDate "2021.06.26"]
[Round "7.2"]
[Result "0-1"]
[White "Vidit Santosh Gujrathi"]
[Black "D Gukesh"]
[WhiteElo "2726"]
[BlackElo "2578"]
[PlyCount "74"]

1. d4 d5 2. c4 e6 3. Nc3 a6 4. cxd5 exd5 5. Nf3 Nf6 6. Bg5 Be6 7. Bxf6 Qxf6 8.
Qb3 Ra7 9. a3 Qd8 10. h4 h6 11. Qc2 Bd6 12. e4 dxe4 13. Qxe4 Kf8 14. O-O-O Nd7
15. Ne5 Qe7 16. f4 Nf6 17. Qc2 c5 18. dxc5 Bxe5 19. fxe5 Nd7 20. Qf2 Ra8 21. Ne4
Nxe5 22. Nd6 h5 23. Be2 Rh6 24. Rhe1 Qc7 25. Kb1 Kg8 26. Qe3 Nd7 27. Rc1 b6 28.
Bf3 Rb8 29. Ne4 Bf5 30. Ka1 Re6 31. cxb6 Qe5 32. Qc3 Rexb6 33. Ng3 Qxg3 34. Re2
Nf6 35. Qa5 Qf4 36. Rce1 Rb5 37. Qxa6 Qd4 0-1

[Event "Goldmoney Asian Rapid"]
[Site "chess24.com INT"]
[Date "2021.06.27"]
[EventDate "2021.06.26"]
[Round "9.3"]
[Result "0-1"]
[White "Yifan Hou"]
[Black "D Gukesh"]
[WhiteElo "2658"]
[BlackElo "2578"]
[PlyCount "68"]

1. e4 c5 2. Nf3 Nc6 3. d4 cxd4 4. Nxd4 Nf6 5. Nc3 e5 6. Ndb5 d6 7. Bg5 a6 8. Na3
b5 9. Nd5 Be7 10. Bxf6 Bxf6 11. c3 Bg5 12. Nc2 Rb8 13. a3 O-O 14. Be2 Bb7 15.
Ncb4 Ne7 16. Nxe7+ Qxe7 17. Nd5 Qe6 18. h4 Bd8 19. c4 Qg6 20. Bf3 bxc4 21. Rc1
Bxd5 22. Qxd5 Rb5 23. Qc6 Ba5+ 24. Kf1 Rxb2 25. Rxc4 Qh6 26. Qd5 Bb6 27. Qd3
Rxf2+ 28. Ke1 Ra2 29. Rh3 Qf4 30. Rc2 Rxc2 31. Qxc2 Qe3+ 32. Be2 Qf2+ 33. Kd1
Qg1+ 34. Kd2 Ba5+ 0-1

[Event "Goldmoney Asian Rapid"]
[Site "chess24.com INT"]
[Date "2021.06.27"]
[EventDate "2021.06.26"]
[Round "10.6"]
[Result "1/2-1/2"]
[White "D Gukesh"]
[Black "Wesley So"]
[WhiteElo "2578"]
[BlackElo "2770"]
[PlyCount "62"]

1. d4 Nf6 2. c4 e6 3. Nf3 d5 4. Nc3 Bb4 5. Bg5 dxc4 6. e4 h6 7. Bxf6 Qxf6 8.
Bxc4 c5 9. e5 Qd8 10. O-O cxd4 11. Ne4 O-O 12. Qe2 Be7 13. Rfd1 Qa5 14. a3 Rd8
15. b4 Qb6 16. g4 Nd7 17. Rac1 Qc7 18. Bxe6 Qb6 19. Bf5 Nf8 20. Nc5 g6 21. Na4
Qa6 22. Qxa6 bxa6 23. Bxc8 Raxc8 24. Rxc8 Rxc8 25. Rxd4 Ne6 26. Rd7 Rc1+ 27. Kg2
Nf4+ 28. Kg3 Ne2+ 29. Kg2 Nf4+ 30. Kg3 Ne2+ 31. Kg2 Nf4+ 1/2-1/2

[Event "Goldmoney Asian Rapid"]
[Site "chess24.com INT"]
[Date "2021.06.28"]
[EventDate "2021.06.26"]
[Round "11.4"]
[Result "1/2-1/2"]
[White "Peter Svidler"]
[Black "D Gukesh"]
[WhiteElo "2714"]
[BlackElo "2578"]
[PlyCount "92"]

1. c4 e6 2. Nc3 d5 3. d4 c5 4. cxd5 exd5 5. Nf3 Nf6 6. g3 Nc6 7. Bg2 cxd4 8.
Nxd4 Bc5 9. Nxc6 bxc6 10. O-O O-O 11. Qc2 Bb6 12. Na4 Bd7 13. b3 Re8 14. Nxb6
axb6 15. a4 Ne4 16. Be3 h5 17. Rad1 h4 18. Bf4 Qf6 19. Bc7 Bf5 20. Bxe4 Rxe4 21.
Qd2 Rae8 22. Rfe1 hxg3 23. Bxg3 Qe6 24. f3 Rxe2 25. Rxe2 Qxe2 26. Qxe2 Rxe2 27.
Bf2 Bc2 28. Ra1 c5 29. a5 bxa5 30. Bxc5 Bxb3 31. Rxa5 Bc4 32. Ra7 Rd2 33. Rd7
Be2 34. Be3 Rd3 35. Kf2 Bd1 36. h4 Kf8 37. Bc5+ Kg8 38. Be3 Ba4 39. Rd8+ Kh7 40.
h5 Bb3 41. Rd6 Bc4 42. h6 gxh6 43. Rxh6+ Kg7 44. Rd6 Rd1 45. Kg3 Rh1 46. Bd4+
Kh7 1/2-1/2

[Event "Goldmoney Asian Rapid"]
[Site "chess24.com INT"]
[Date "2021.06.28"]
[EventDate "2021.06.26"]
[Round "12.5"]
[Result "1-0"]
[White "D Gukesh"]
[Black "A R Saleh Salem"]
[WhiteElo "2578"]
[BlackElo "2682"]
[PlyCount "34"]

1. d4 Nf6 2. c4 g6 3. Nc3 Bg7 4. e4 O-O 5. Nf3 d6 6. Be2 e5 7. O-O Na6 8. Re1 c6
9. Bf1 exd4 10. Nxd4 Ng4 11. h3 Nxf2 12. Kxf2 Qb6 13. Be3 Qxb2+ 14. Nce2 Nc5 15.
Kg1 Re8 16. Nc2 Qb3 17. axb3 1-0

[Event "Goldmoney Asian Rapid"]
[Site "chess24.com INT"]
[Date "2021.06.28"]
[EventDate "2021.06.26"]
[Round "13.5"]
[Result "1/2-1/2"]
[White "Magnus Carlsen"]
[Black "D Gukesh"]
[WhiteElo "2847"]
[BlackElo "2578"]
[PlyCount "174"]

1. d4 d5 2. Bf4 Nf6 3. e3 Bg4 4. Be2 Bxe2 5. Qxe2 e6 6. Nf3 c5 7. dxc5 Nc6 8.
Qb5 Qd7 9. Nc3 a6 10. Qb6 Qc8 11. Na4 Nd7 12. Qc7 Qxc7 13. Bxc7 Bxc5 14. Nxc5
Nxc5 15. Ke2 Rc8 16. Bg3 b5 17. c3 f6 18. Rhc1 Kf7 19. Nd2 e5 20. f3 Rhd8 21. b3
a5 22. Rc2 h5 23. Rd1 Ke6 24. Rb1 g5 25. Bf2 e4 26. fxe4 dxe4 27. b4 axb4 28.
cxb4 Nd3 29. Nxe4 Ncxb4 30. Rxc8 Rxc8 31. a3 Rc2+ 32. Nd2 Nxf2 33. Rxb4 Ng4 34.
Rxb5 Ra2 35. Rb6+ Ke7 36. Rb7+ Ke6 37. Rb6+ Kd7 38. h3 Ne5 39. Rxf6 Nc4 40. Kd3
Nxd2 41. Rf2 Rxa3+ 42. Kxd2 Ke6 43. Ke2 Ke5 44. Rf8 Ke4 45. Re8+ Kf5 46. Kf3 Rb3
47. g4+ hxg4+ 48. hxg4+ Kf6 49. Rd8 Ra3 50. Rd6+ Kf7 51. Ke4 Ra4+ 52. Rd4 Ra3
53. Rb4 Kf6 54. Kd4 Ra1 55. Rc4 Ra2 56. Kd5 Rd2+ 57. Rd4 Ra2 58. Ke4 Ra3 59.
Rd6+ Kf7 60. Rd3 Ra4+ 61. Kf3 Kf6 62. Rd6+ Kf7 63. Rc6 Rb4 64. Rd6 Ra4 65. Rd3
Kf6 66. Rb3 Kf7 67. e4 Kf6 68. Ke3 Ra1 69. Rb6+ Ke5 70. Rb5+ Kf6 71. Rf5+ Kg6
72. Rf2 Ra3+ 73. Kd4 Rg3 74. e5 Rxg4+ 75. Kd5 Rg1 76. e6 Rd1+ 77. Kc6 Re1 78.
Kd7 g4 79. e7 Kg5 80. Rf1 Re2 81. e8=Q Rxe8 82. Kxe8 g3 83. Rg1 Kg4 84. Kf7 Kf3
85. Kf6 g2 86. Kf5 Kf2 87. Rxg2+ Kxg2 1/2-1/2

[Event "Goldmoney Asian Rapid"]
[Site "chess24.com INT"]
[Date "2021.06.28"]
[EventDate "2021.06.26"]
[Round "14.4"]
[Result "1/2-1/2"]
[White "D Gukesh"]
[Black "Anish Giri"]
[WhiteElo "2578"]
[BlackElo "2780"]
[PlyCount "66"]

1. d4 Nf6 2. c4 g6 3. Nc3 d5 4. cxd5 Nxd5 5. Bd2 c5 6. e4 Nxc3 7. Bxc3 cxd4 8.
Bxd4 e5 9. Bxe5 Bb4+ 10. Bc3 Bxc3+ 11. bxc3 Qa5 12. Qd2 O-O 13. Nf3 Nd7 14. Bc4
Ne5 15. Nxe5 Qxe5 16. Bd5 Be6 17. O-O Rfd8 18. Rfd1 Rac8 19. Rac1 b5 20. f4 Qc7
21. f5 Bxd5 22. exd5 Qd6 23. Qf2 Qc5 24. Qxc5 Rxc5 25. fxg6 hxg6 26. d6 Rc6 27.
d7 Rc7 28. Rd5 Rcxd7 29. Rxb5 Rd1+ 30. Rxd1 Rxd1+ 31. Kf2 Rd2+ 32. Kf3 Rxa2 33.
c4 1/2-1/2

[Event "Goldmoney Asian Rapid"]
[Site "chess24.com INT"]
[Date "2021.06.28"]
[EventDate "2021.06.26"]
[Round "15.6"]
[Result "1-0"]
[White "Jan-Krzysztof Duda"]
[Black "D Gukesh"]
[WhiteElo "2729"]
[BlackElo "2578"]
[PlyCount "154"]

1. d4 d5 2. c4 e6 3. Nc3 c5 4. cxd5 exd5 5. Nf3 Nf6 6. Bg5 Be6 7. e3 c4 8. Qa4+
Nc6 9. Bxc4 dxc4 10. d5 Bxd5 11. Bxf6 Qxf6 12. Nxd5 Bb4+ 13. Nxb4 Qxb2 14. Nc2
Qc3+ 15. Kf1 O-O-O 16. g3 Rd5 17. Ncd4 Nxd4 18. Nxd4 Qxa1+ 19. Kg2 Qc3 20. Rb1
Ra5 21. Qd1 Qd3 22. Qg4+ f5 23. Qxg7 Qe4+ 24. Nf3 Rd8 25. Rb4 Rc5 26. Qc3 Rc7
27. Rb5 a6 28. Re5 Qd3 29. Qa5 c3 30. Nd4 c2 31. Rc5 Qe4+ 32. Kh3 Rxc5 33. Qxc5+
Kb8 34. Nxc2 Rc8 35. Qd6+ Ka8 36. Nd4 h5 37. Qd7 Rf8 38. Ne6 Rg8 39. Qf7 Qg4+
40. Kg2 h4 41. Nf4 hxg3 42. hxg3 Rh8 43. Qd7 Qg5 44. Kf3 Qh6 45. Qxf5 Qh1+ 46.
Ke2 Rd8 47. Qc2 Kb8 48. a4 Rc8 49. Qd3 Qa1 50. Qd6+ Ka8 51. Nd5 Rc2+ 52. Kf3
Qh1+ 53. Kg4 Qd1+ 54. f3 Rc4+ 55. Kg5 Ka7 56. f4 Qb3 57. f5 Rc6 58. Qe5 Rc5 59.
e4 Qxa4 60. f6 Rc4 61. Qe6 Rxe4 62. Qb6+ Kb8 63. Qd8+ Ka7 64. Qb6+ Kb8 65. f7
Qa3 66. Qc7+ Ka7 67. Nf6 Re3 68. g4 Re7 69. Qc4 Re5+ 70. Kg6 Qd6 71. Qf4 Qd3+
72. Kg7 Re7 73. g5 a5 74. g6 Ka6 75. Kh6 Qd8 76. Nh7 Re1 77. Qf6+ 1-0

[Event "FIDE World Cup 2021"]
[Site "Krasnaya Polyana (Sochi) RUS"]
[Date "2021.07.14"]
[EventDate "2021.07.12"]
[Round "1.3"]
[Result "0-1"]
[White "Pawel Teclaf"]
[Black "D Gukesh"]
[WhiteElo "2514"]
[BlackElo "2578"]
[PlyCount "94"]

1. c4 e6 2. Nf3 d5 3. e3 Nf6 4. b3 b6 5. Bb2 Bb7 6. cxd5 exd5 7. Nc3 Nbd7 8. Rc1
a6 9. Be2 Bd6 10. Nd4 g6 11. O-O O-O 12. Re1 Re8 13. Nf3 Ne5 14. d3 Qe7 15. g3
Rad8 16. Nxe5 Bxe5 17. Bf3 Ne4 18. Qc2 Nxc3 19. Bxc3 Qf6 20. Bxe5 Qxf3 21. Qxc7
d4 22. e4 Bc8 23. g4 Bxg4 24. Bxd4 Bh3 25. Qg3 Qxg3+ 26. hxg3 Rxd4 27. Re3 Red8
28. Rc6 Rxd3 29. Rxd3 Rxd3 30. Rxb6 Rd1+ 31. Kh2 Bf1 32. g4 Rd2 33. Kg3 Rxa2 34.
e5 Bb5 35. f4 Re2 36. Kf3 Re1 37. f5 gxf5 38. gxf5 Rxe5 39. Kf4 Re8 40. Kg5 Kg7
41. f6+ Kf8 42. Kh6 Re6 43. Rb8+ Be8 44. Kg5 h6+ 45. Kf5 Rc6 46. Ke5 Rc5+ 47.
Kd6 Rb5 0-1

[Event "FIDE World Cup 2021"]
[Site "Krasnaya Polyana (Sochi) RUS"]
[Date "2021.07.14"]
[EventDate "2021.07.12"]
[Round "1.4"]
[Result "1/2-1/2"]
[White "D Gukesh"]
[Black "Pawel Teclaf"]
[WhiteElo "2578"]
[BlackElo "2514"]
[PlyCount "72"]

1. d4 e6 2. c4 b6 3. Nc3 Bb4 4. e3 Bb7 5. Ne2 f5 6. a3 Bd6 7. d5 Nf6 8. Nd4
O-O 9. Be2 Ne4 10. Bd2 Qg5 11. Bf3 Na6 12. b4 c5 13. dxc6 dxc6 14. g3 Be5
15. Nxe4 fxe4 16. Bxe4 Rad8 17. O-O Qf6 18. Qe2 Nc7 19. Rad1 Bxd4 20. exd4
Rxd4 21. Bf4 Rxd1 22. Rxd1 Ne8 23. Qh5 h6 24. b5 g5 25. Be3 Ng7 26. Qg4 Nf5
27. bxc6 Nxe3 28. fxe3 Bc8 29. Qe2 Qe5 30. Qd3 Qb2 31. Rf1 Rxf1+ 32. Kxf1
Ba6 33. Qd8+ Kf7 34. Qd7+ Kf6 35. Qd8+ Kf7 36. Qd7+ 1/2-1/2